| Tag |
First Indicator |
Second Indicator |
Subfields |
| LEADER |
00000cam a2200000 a 4500 |
| 001 |
in00000029312 |
| 005 |
20230906142849.0 |
| 008 |
861210s1987 coua b 000 0 eng |
| 010 |
|
|
|a 86051594
|
| 019 |
|
|
|a 16821368
|
| 020 |
|
|
|a 0942394534
|
| 020 |
|
|
|a 9780942394535
|
| 029 |
1 |
|
|a DEBBG
|b BV039601367
|
| 029 |
1 |
|
|a HEBIS
|b 009458948
|
| 035 |
|
|
|a (OCoLC)ocm19265316
|
| 035 |
|
|
|a (OCoLC)19265316
|z (OCoLC)16821368
|
| 035 |
|
|
|a (OCoLC)ocm19265316
|
| 040 |
|
|
|a DLC
|b eng
|c DLC
|d OCL
|d BTCTA
|d YDXCP
|d OCLCG
|d DEBBG
|d BDX
|d OCLCO
|d OCLCA
|d OCLCF
|d OCLCQ
|d OCLCA
|d OCLCO
|
| 043 |
|
|
|a n-us-wa
|
| 050 |
0 |
0 |
|a TR660.5
|b .O38 1987
|
| 082 |
0 |
0 |
|a 779/.36/0924
|2 19
|
| 084 |
|
|
|a HR 1000
|2 rvk
|
| 100 |
1 |
|
|a O'Hara, Pat,
|d 1947-
|
| 245 |
1 |
0 |
|a Washington :
|b images of the landscape /
|c photography by Pat O'Hara.
|
| 260 |
|
|
|a Englewood, Colo. :
|b Westcliffe,
|c ©1987.
|
| 300 |
|
|
|a 160 pages :
|b chiefly illustrations (all color) ;
|c 37 cm
|
| 336 |
|
|
|a text
|b txt
|2 rdacontent
|
| 337 |
|
|
|a unmediated
|b n
|2 rdamedia
|
| 338 |
|
|
|a volume
|b nc
|2 rdacarrier
|
| 500 |
|
|
|a Includes selected writings by John Muir.
|
| 504 |
|
|
|a Includes bibliographical references (page 6).
|
| 650 |
|
0 |
|a Landscape photography
|z Washington (State)
|
| 651 |
|
0 |
|a Washington (State)
|v Pictorial works.
|
| 650 |
|
6 |
|a Photographie de paysages
|z Washington (État)
|
| 651 |
|
6 |
|a Washington (État)
|v Ouvrages illustrés.
|
| 650 |
|
7 |
|a Landscape photography.
|2 fast
|0 (OCoLC)fst00992030
|
| 651 |
|
7 |
|a Washington (State)
|2 fast
|0 (OCoLC)fst01204703
|
| 655 |
|
7 |
|a Pictorial works.
|2 fast
|0 (OCoLC)fst01423874
|
| 700 |
1 |
|
|a Muir, John,
|d 1838-1914.
|
| 938 |
|
|
|a Brodart
|b BROD
|n 44223668
|c $24.95
|
| 938 |
|
|
|a Baker and Taylor
|b BTCP
|n 86051594 //r92
|c $29.95
|
| 938 |
|
|
|a YBP Library Services
|b YANK
|n 1132622
|
| 948 |
|
|
|h HELD BY TXA - 59 OTHER HOLDINGS
|
| 994 |
|
|
|a Z0
|b TXA
|
| 999 |
f |
f |
|s 1fecd8c0-4b8b-33e0-9ab0-d460f0d78a55
|i 094f0b6c-a44e-3622-8d9e-44a841393b1e
|t 0
|
| 952 |
f |
f |
|p ric
|a Texas A&M University
|b Rellis Campus
|c Joint Library Facility
|s JLF
|d Remote Storage
|t 0
|e F892 .O52 1987
|f Oversize
|h Library of Congress classification
|i unmediated -- volume
|m A14811075609
|